Bài tập Mĩ thuật 6
Sách gồm các câu hỏi và gợi ý trả lời về mĩ thuật Việt Nam, các bài tập vẽ theo đề tài, vẽ tự do và trang trí tranh mẫu. nhằm giúp các em nâng cao kỹ năng về hội hoạ.
Na minha lista:
| Formato: | Livro |
|---|---|
| Idioma: | Undetermined |
| Publicado em: |
Hà Nội
Giáo dục
2010
|
| Assuntos: | |
| Tags: |
Adicionar Tag
Sem tags, seja o primeiro a adicionar uma tag!
|
| Thư viện lưu trữ: | Trung tâm Học liệu Trường Đại học Cần Thơ |
|---|
| LEADER | 00829nam a2200205Ia 4500 | ||
|---|---|---|---|
| 001 | CTU_157961 | ||
| 008 | 210402s9999 xx 000 0 und d | ||
| 020 | |c 5600 | ||
| 082 | |a 707.12 | ||
| 082 | |b B103/L.6 | ||
| 245 | 0 | |a Bài tập Mĩ thuật 6 | |
| 245 | 0 | |c Phạm Ngọc Tới ... [et.al] | |
| 260 | |a Hà Nội | ||
| 260 | |b Giáo dục | ||
| 260 | |c 2010 | ||
| 520 | |a Sách gồm các câu hỏi và gợi ý trả lời về mĩ thuật Việt Nam, các bài tập vẽ theo đề tài, vẽ tự do và trang trí tranh mẫu. nhằm giúp các em nâng cao kỹ năng về hội hoạ. | ||
| 650 | |a Arts | ||
| 650 | |x Study and teaching (Secondary) | ||
| 904 | |i Đào Thị Bé Ba (Bạch Trúc) | ||
| 980 | |a Trung tâm Học liệu Trường Đại học Cần Thơ | ||